Test de rapidité - Deux lettres mais... - Statistiques

Statistiques générales
  • Ce quiz a été pris 919 fois
  • Le résultat moyen est 54 sur 200
Statistiques - réponses
Réponse % Correct
P
100%
O
98%
O
96%
P
93%
O
92%
O
91%
P
90%
O
89%
O
88%
P
87%
O
86%
O
85%
O
84%
O
84%
P
84%
O
83%
P
83%
O
82%
P
82%
O
81%
O
80%
O
79%
O
79%
P
79%
O
78%
P
78%
O
77%
P
77%
O
76%
O
76%
O
76%
P
76%
O
75%
P
74%
O
73%
O
73%
O
72%
P
72%
O
71%
O
69%
P
69%
O
68%
P
67%
O
66%
O
64%
O
62%
P
62%
O
61%
O
60%
P
60%
O
58%
O
56%
P
56%
O
55%
O
53%
P
53%
O
52%
P
51%
O
50%
O
49%
P
48%
O
47%
O
46%
P
42%
O
41%
O
40%
P
37%
O
36%
O
36%
P
34%
O
31%
O
30%
P
29%
O
28%
O
26%
O
24%
P
24%
O
22%
P
20%
O
19%
O
18%
O
16%
P
16%
O
15%
O
14%
P
14%
O
13%
P
13%
O
12%
O
11%
O
10%
P
10%
O
9%
P
8%
O
7%
O
6%
O
6%
O
6%
O
6%
O
6%
P
6%
P
6%
O
5%
O
5%
P
5%
O
4%
O
4%
O
4%
P
4%
P
4%
O
3%
O
3%
O
3%
O
3%
P
3%
P
3%
O
2%
O
2%
O
2%
O
2%
O
2%
O
2%
O
2%
O
2%
O
2%
O
2%
O
2%
O
2%
O
2%
P
2%
P
2%
P
2%
P
2%
P
2%
P
2%
P
2%
O
1%
O
1%
O
1%
O
1%
O
1%
O
1%
O
1%
O
1%
O
1%
O
1%
O
1%
O
1%
O
1%
O
1%
P
1%
P
1%
P
1%
P
1%
P
1%
P
1%
P
1%
O
0%
O
0%
O
0%
O
0%
O
0%
O
0%
O
0%
O
0%
O
0%
O
0%
O
0%
O
0%
O
0%
O
0%
O
0%
O
0%
O
0%
O
0%
O
0%
O
0%
O
0%
O
0%
O
0%
O
0%
O
0%
O
0%
O
0%
O
0%
O
0%
P
0%
P
0%
P
0%
P
0%
P
0%
P
0%
P
0%
P
0%
P
0%
P
0%
P
0%
P
0%
P
0%
P
0%
Aucun quiz correspondant
Distribution des résultats
% des personnes avec chaque résultat
Percentile par nombre de réponses
Votre historique - résultats
Vous n’avez pas pris ce quiz